Tutti i locali/discoteche di Torino in 60 secondi - Statistics

Statistiche generali
  • Questo quiz è stato fatto 22 volte
    16 dall'ultimo reset
  • Il punteggio medio è 4 su 10
Statistiche sulle risposte
Risposta % Corretto
Centralino
85%
Black Moon
69%
White Moon
62%
Pick Up
54%
One
38%
One
38%
Vogue
31%
Edit
0%
Piper
0%
XO
0%
Nessun quiz corrispondente trovato
Distribuzione punteggi
Percentuale di utenti per punteggio
Percentile per numero di risposta
I tuoi punteggi nel tempo
Non hai fatto questo quiz dall'ultimo reset